书目信息 |
| 题名: |
我的特异功能
|
|
| 作者: | 盖勒 著 ;陆锦林 , 谭树杰 译 | |
| 分册: | ||
| 出版信息: | 北京 科学技术文献出版社 1987 |
|
| 页数: | 266页 | |
| 开本: | 19cm | |
| 丛书名: | ||
| 单 册: | ||
| 中图分类: | R339.1 | |
| 科图分类: | ||
| 主题词: | 人体特异功能 | |
| 电子资源: | ||
| ISBN: | 7-5023-0002-3 | |
| 000 | 00799nam0 2200253 45 | |
| 001 | 0187009731 | |
| 005 | 20060418091858.57 | |
| 010 | @a7-5023-0002-3@dCNY2.00 | |
| 100 | @a19901007d1987 em y0chiy0121 ea | |
| 101 | 1 | @achi@ceng |
| 102 | @aCN@b110000 | |
| 105 | @ay z 000yd | |
| 200 | 10 | @a我的特异功能@Awo de te yi gong neng@e尤里·盖勒的自述@f(美)尤里·盖勒著@F(mei)you li·gai le zhu@g陆锦林,谭树杰译 |
| 210 | @a北京@c科学技术文献出版社@d1987 | |
| 215 | @a266页@d19cm | |
| 517 | 1 | @a尤里·盖勒的自述@Ayou li · gai le de zi shu |
| 606 | @a人体特异功能 | |
| 690 | @aR339.1@v3 | |
| 701 | 0 | @a盖勒@Agai le@4著 |
| 702 | 0 | @a陆锦林@Alu jin lin@4译 |
| 702 | 0 | @a谭树杰@Atan shu jie@4译 |
| 801 | 2 | @aCN@bNLC@c20060418 |
| 801 | 0 | @aCN@b深圳图书馆@c20040524 |
| 905 | @f1@b218712@dR339.1@e40 | |
| 我的特异功能:尤里·盖勒的自述/(美)尤里·盖勒著/陆锦林,谭树杰译.-北京:科学技术文献出版社,1987 |
| 266页;19cm |
| ISBN 7-5023-0002-3:CNY2.00 |
| ● |
| 相关链接 |
|
|
|
|
正题名:我的特异功能
索取号:R339.1/40
 
预约/预借
| 序号 | 登录号 | 条形码 | 馆藏地/架位号 | 状态 | 备注 |
| 1 | 0218712 | 000713482 | 密集书库/ [索取号:R339.1/40] | 在馆 | |
| 2 | 0218713 | 202243642 | 密集书库/ [索取号:R339.1/40] | 在馆 | |
| 3 | 0218714 | 000713473 | 第二样本阅览室/ [索取号:R339.1/40] | 在馆 |